|
|
|
|
| LEADER |
00000nab a2200000ua 4500 |
| 001 |
vtls010798621 |
| 003 |
SK-MaSNL |
| 005 |
20260304013257.0 |
| 008 |
230218s1965 xo |||||||||||||||||rus| |
| 035 |
|
|
|a (urnnbn)urn:nbn:sk:snk:ar-a05th1
|
| 035 |
|
|
|a (uuid)13c640f5-c474-4859-b11b-e6503826e387
|
| 035 |
|
|
|a urn:nbn:sk:snk-ab4v9v
|
| 040 |
|
|
|a SNKBUCL
|b slo
|c SNKBUCL
|e AACR2
|
| 041 |
0 |
|
|a rus
|
| 044 |
|
|
|a xo
|c SK
|
| 100 |
1 |
|
|a Garkavi, B. L.
|4 aut
|9 1294054
|
| 245 |
1 |
0 |
|a K BIOLOGII NEMATODY Tetrameres fissispina PARAZITA DOMAŠNICH UTOK
|c B. L. Garkavi
|
| 773 |
0 |
|
|t Helminthologia
|g Roč. 6, č. 1 (1965), s. 61-63
|
| 958 |
|
|
|a OND
|
| 958 |
|
|
|a EUIPO
|
| 958 |
|
|
|a article3
|
| 999 |
|
|
|c 2575155
|d 2577085
|